MDQL
is popping MORE tags! Check the
thread
!
Quizzes
Events
Quiz Creation
Community
Videos
Private Events
Remove Ads
Sign In
Join for FREE
Feedback
Dark Mode
Quiz Categories
Sports
Geography
Music
Movies
Television
Just For Fun
Miscellaneous
History
Literature
Language
Science
Gaming
Entertainment
Religion
Holiday
For Kids
Quiz Lab
Recent
Popular Today
Quiz Kudos Today
Editor Picks
Curator Picks
Quizzes by...
Day
Popularity
Type
Ratings
Length
Year
Community
Subscriptions
Recent Discussions
Orange Saloon
Badges
Playlists
Quests
Create
Leaderboards
Showdown
Live 5
Trivia Bingo
Activity
Puzzle Library
Sporcle Events
Private Events
Virtual Trivia
Globe League
Become a Host
Pub Owners
SporcleCon
Opinionation
Our Games
Videos
Blog
Mobile Apps
Partnerships
Remove Ads and Go Orange
Feedback
Music
Pop Music
The Beatles
Song
Album
Lyrics
Bands
Singers
Artist
Clip
Rock
Rap
Classical
Billboard
Country Music
Kpop
Taylor Swift
Music
Pop Music
The Beatles
Song
Album
Lyrics
Bands
Singers
Artist
Clip
Rock
Rap
Classical
Billboard
Country Music
Kpop
Taylor Swift
Random Quiz
Search Sporcle
×
Quiz Lab
Quiz Lab
Music
Album
Type in answers that appear in a list
Type in answers that appear in a list
Classic
Best Score? Go Orange.
Jimmy Buffett Songs 1969-1985 Stats
Can you name the Jimmy Buffett Songs 1969-1985?
By
lord_george
15m
194 Questions
322 Plays
322 Plays
322 Plays
Comments
Comments
Give Quiz Kudos
Give Quiz Kudos
-
- Ratings
hide this ad
Replay
Link that replays current quiz
Next Quiz
Link to next quiz in quiz playlist
You Got
0%
They Got
Avg Score
49%
Avg Friend Score
Upgrade to see
Score Distribution
Jump to the score distribution portion of the page
Score
0/194
Timer
15:00
0
Plays Today
Album
Song
% Correct
Changes in Latitudes, Changes in Attitudes
Margaritaville
93.2%
You Had to Be There (Live)
Margaritaville
93.2%
Songs You Know By Heart
Margaritaville
93.2%
Son of a Son of a Sailor
Son of a Son of a Sailor
92.9%
You Had to Be There (Live)
Son of a Son of a Sailor
92.9%
Songs You Know By Heart
Son of a Son of a Sailor
92.9%
Living and Dying in 3/
4 Time
Come Monday
91.9%
You Had to Be There (Live)
Come Monday
91.9%
Songs You Know By Heart
Come Monday
91.9%
Volcano
Volcano
91.6%
Songs You Know By Heart
Volcano
91.6%
Changes in Latitudes, Changes in Attitudes
Changes in Latitudes, Changes in Attitudes
90.4%
You Had to Be There (Live)
Changes in Latitudes, Changes in Attitudes
90.4%
Songs You Know By Heart
Changes In Latitudes, Changes In Attitudes
90.4%
Son of a Son of a Sailor
Cheeseburger in Paradise
89.8%
Songs You Know By Heart
Cheeseburger In Paradise
89.8%
Havana Daydreamin'
Havana Daydreamin'
88.5%
You Had to Be There (Live)
Havana Daydreamin'
88.5%
Coconut Telegraph
Coconut Telegraph
88.5%
Last Mango in Paris
Last Mango in Paris
87.9%
Volcano
Fins
87.6%
Volcano
Boat Drinks
87.6%
Songs You Know By Heart
Fins
87.6%
Songs You Know By Heart
Boat Drinks
87.6%
One Particular Harbour
One Particular Harbour
85.7%
A1A
A Pirate Looks at Forty
84.2%
You Had to Be There (Live)
A Pirate Looks at Forty
84.2%
Songs You Know By Heart
A Pirate Looks at Forty
84.2%
A White Sport Coat and a Pink Crustacean
Why Don't We Get Drunk
83.5%
Living and Dying in 3/
4 Time
Pencil Thin Mustache
83.5%
You Had to Be There (Live)
Pencil Thin Mustache
83.5%
You Had to Be There (Live)
Why Don't We Get Drunk
83.5%
Songs You Know By Heart
Why Don't We Get Drunk
83.5%
Songs You Know By Heart
Pencil Thin Mustache
83.5%
A White Sport Coat and a Pink Crustacean
He Went to Paris
83.2%
You Had to Be There (Live)
He Went to Paris
83.2%
Songs You Know By Heart
He Went to Paris
83.2%
A1A
Trying to Reason With Hurricane Season
76.7%
A1A
Tin Cup Chalice
76.4%
Rancho Deluxe
Livingston Saturday Night
74.8%
Son of a Son of a Sailor
Livingston Saturday Night
74.8%
Down To Earth
The Captain and the Kid
73.9%
Living and Dying in 3/
4 Time
God's Own Drunk
73.9%
Havana Daydreamin'
The Captain and the Kid
73.9%
You Had to Be There (Live)
God's Own Drunk
73.9%
You Had to Be There (Live)
The Captain and the Kid
73.9%
A1A
Nautical Wheelers
72.7%
Riddles in the Sand
Who's The Blonde Stranger
72.7%
A White Sport Coat and a Pink Crustacean
The Great Filling Station Holdup
72.4%
Somewhere Over China
Somewhere Over China
72.4%
Fast Times at Ridgemont High
I Don't Know
70.2%
Son of a Son of a Sailor
Manana
69.9%
One Particular Harbour
Brown Eyed Girl
69.6%
Changes in Latitudes, Changes in Attitudes
Banana Republics
69.3%
Changes in Latitudes, Changes in Attitudes
Landfall
68.9%
You Had to Be There (Live)
Landfall
68.9%
Rancho Deluxe
Rancho Deluxe
68%
Changes in Latitudes, Changes in Attitudes
Tampico Trauma
67.7%
Changes in Latitudes, Changes in Attitudes
Biloxi
67.7%
You Had to Be There (Live)
Tampico Trauma
67.7%
Coconut Telegraph
Island
67.7%
One Particular Harbour
Twelve Volt Man
67.7%
A White Sport Coat and a Pink Crustacean
Peanut Butter Conspiracy
67.1%
Coconut Telegraph
It's My Job
66.8%
Somewhere Over China
On a Slow Boat to China
66.8%
Album
Song
% Correct
Living and Dying in 3/
4 Time
The Wino and I Know
66.5%
A1A
Life is Just a Tire Swing
65.5%
Havana Daydreamin'
My Head Hurts, My Feet Stink, and I Don't Love Jesus
65.5%
Changes in Latitudes, Changes in Attitudes
Lovely Cruise
65.5%
Last Mango in Paris
Frank and Lola
65.5%
Last Mango in Paris
Gypsies in the Palace
65.5%
Havana Daydreamin'
Woman Goin' Crazy on Caroline Street
65.2%
Son of a Son of a Sailor
Cowboy in the Jungle
64.9%
Riddles in the Sand
Ragtop Day
64.9%
High Cumberland Jubilee
In the Shelter
64.6%
Changes in Latitudes, Changes in Attitudes
In the Shelter
64.6%
Last Mango in Paris
If the Phone Doesn't Ring It's Me
63.7%
A1A
Migration
63.4%
A White Sport Coat and a Pink Crustacean
They Don't Dance Like Carmen No More
62.4%
One Particular Harbour
Stars On the Water
62.1%
Coconut Telegraph
The Weather Is Here, Wish You Were Beautiful
61.8%
A White Sport Coat and a Pink Crustacean
Grapefruit (Juicy Fruit)
61.5%
A1A
Door Number Three
61.5%
You Had to Be There (Live)
Grapefruit (Juicy Fruit)
61.5%
Somewhere Over China
I Heard I Was In Town
61.5%
Songs You Know By Heart
Grapefruit (Juicy Fruit)
61.5%
Living and Dying in 3/
4 Time
Ringling, Ringling
60.9%
Changes in Latitudes, Changes in Attitudes
Miss You So Badly
60.9%
You Had to Be There (Live)
Miss You So Badly
60.9%
A White Sport Coat and a Pink Crustacean
Cuban Crime of Passion
59.9%
One Particular Harbour
We Are the People Our Parents Warned Us About
59.3%
Riddles in the Sand
Knees of My Heart
59.3%
Havana Daydreamin'
This Hotel Room
59%
Urban Cowboy
Hello Texas
59%
Last Mango in Paris
Jolly Mon Sing
59%
Riddles in the Sand
Burn That Bridge
58.7%
High Cumberland Jubilee
Livingston's Gone to Texas
58.4%
Living and Dying in 3/
4 Time
Livingston's Gone to Texas
58.4%
A1A
Makin' Music For Money
58.4%
A White Sport Coat and a Pink Crustacean
I Have Found Me a Home
58.1%
Volcano
Chanson Pour Les Petits Enfants
57.5%
Coconut Telegraph
Growing Older But Not Up
57.1%
Volcano
Sending the Old Man Home
56.2%
Somewhere Over China
It's Midnight and I'm Not Famous Yet
55.3%
A White Sport Coat and a Pink Crustacean
Death of an Unpopular Poet
55%
Somewhere Over China
When Salome Plays the Drum
54.7%
Havana Daydreamin'
Defying Gravity
54%
Volcano
Dreamsicle
54%
Living and Dying in 3/
4 Time
Saxophones
53.4%
One Particular Harbour
Distantly In Love
53.1%
One Particular Harbour
Honey Do
52.5%
Last Mango in Paris
Desperation Samba (Halloween in Tijuana)
51.9%
High Cumberland Jubilee
High Cumberland Jublilee
51.2%
Volcano
Treat Her Like a Lady
49.1%
Son of a Son of a Sailor
Coast of Marseilles
48.8%
High Cumberland Jubilee
High Cumberland Dilemma
47.2%
Riddles in the Sand
La Vie Dansante
46.9%
A White Sport Coat and a Pink Crustacean
Railroad Lady
45.3%
Coconut Telegraph
Little Miss Magic
44.1%
Havana Daydreamin'
Big Rig
43.2%
Son of a Son of a Sailor
African Friend
42.5%
Down To Earth
A Mile High in Denver
41.3%
Coconut Telegraph
Incommunicado
40.1%
Volcano
Lady I Can't Explain
39.1%
A White Sport Coat and a Pink Crustacean
My Lovely Lady
38.2%
A1A
Stories We Could Tell
36.6%
A1A
Dallas
31.7%
You Had to Be There (Live)
Perrier Blues
30.1%
Down To Earth
Captain America
29.2%
High Cumberland Jubilee
Ace
29.2%
Album
Song
% Correct
Volcano
Stranded on a Sandbar
28.6%
Living and Dying in 3/
4 Time
Ballad of Spider John
28.3%
Single
Poopi-Do
28%
You Had to Be There (Live)
Morris' Nightmare
27.3%
Living and Dying in 3/
4 Time
West Nashville Grand Ballroom Gown
26.7%
Rancho Deluxe
Wonder Why We Ever Go Home
26.4%
Changes in Latitudes, Changes in Attitudes
Wonder Why We Ever Go Home
26.4%
You Had to Be There (Live)
Wonder Why We Ever Go Home
26.4%
Somewhere Over China
Steamer
26.1%
Coconut Telegraph
Stars Fell on Alabama
25.5%
Living and Dying in 3/
4 Time
Brahma Fear
23.3%
Riddles in the Sand
Come to the Moon
23%
High Cumberland Jubilee
Hang-Out Gang
22.4%
One Particular Harbour
I Used to Have Money One Time
22.4%
Down To Earth
The Christian
22%
A1A
Presents to Send You
21.4%
Havana Daydreamin'
Kick It In Second Wind
21.1%
Down To Earth
The Missionary
20.5%
High Cumberland Jubilee
England
20.5%
Volcano
Survive
20.5%
Living and Dying in 3/
4 Time
Brand New Country Star
20.2%
Down To Earth
Ellis Dee (He Ain't Free)
19.6%
One Particular Harbour
California Promises
19.3%
High Cumberland Jubilee
Death Valley Lives
18.9%
Single
Abandoned On Tuesday
18.6%
Down To Earth
There's Nothin' Soft About Hard Times
18.3%
High Cumberland Jubilee
God Don't Own a Car
18.3%
You Had to Be There (Live)
Dixie Diner
18.3%
High Cumberland Jubilee
Travelin' Clean
18%
Down To Earth
I Can't Be Your Hero Today
17.1%
High Cumberland Jubilee
Rockefeller Square
15.2%
Coconut Telegraph
The Good Fight
14.9%
Last Mango in Paris
Everybody's On the Run
14.6%
Last Mango in Paris
Please Bypass This Heart
14%
Rancho Deluxe
Main Title
13%
Rancho Deluxe
End Title
12.7%
Down To Earth
Turnabout
11.8%
Rancho Deluxe
The Wrangler
11.2%
One Particular Harbour
Why You Wanna Hurt My Heart
10.2%
Havana Daydreamin'
Cliches
6.5%
Son of a Son of a Sailor
The Last Line
6.5%
Son of a Son of a Sailor
Fool Button
5.9%
Somewhere Over China
Where's The Party
5.9%
One Particular Harbour
Livin' It Up
5.9%
Riddles in the Sand
Love In Decline
5.6%
Havana Daydreamin'
Something So Feminine About a Mandolin
5.3%
Down To Earth
Truckstop Salvation
5%
Last Mango in Paris
Beyond the End
5%
Somewhere Over China
If I Could Just Get It On Paper
4.7%
Down To Earth
Richard Frost
4.3%
Riddles in the Sand
She's Going Out of My Mind
4%
Last Mango in Paris
The Perfect Partner
3.7%
Riddles in the Sand
Bigger Than the Both of Us
3.4%
Down To Earth
Ain't He a Genius
3.1%
High Cumberland Jubilee
Bend A Little
3.1%
Somewhere Over China
Lip Service
2.5%
Riddles in the Sand
When the Wild Life Betrays Me
2.2%
Rancho Deluxe
Cattle Truckin'
1.2%
Rancho Deluxe
Countin' the Cows Ev'ry Day
1.2%
Rancho Deluxe
Some Gothic Ranch Action
1.2%
Rancho Deluxe
Fifteen Gears
1.2%
Rancho Deluxe
Can't Remember When I Slept Last
1.2%
Rancho Deluxe
Ridin' In Style
0.9%
Rancho Deluxe
Left Me With a Nail to Drive
0.9%
Quiz Playlist
Details
Report
Send in Message
Add To Playlist
Classic:
Type in answers that appear in a list
Last Updated: Feb 16, 2017
Quiz Scoreboard
CHALLENGE
Sign Up to Join the Scoreboard
Show All
Scores
Hide
Comments
May contain spoilers
Recently Published
Find the 'City' Movie
by crazypaving
Movies
60s
5x2 Blitz: Bands
by SL_Kpop136
Music
30s
Colored Red Africa Blitz
by spor1
Geography
30s
More to Explore
Quiz From the Vault
Featured Blog Post
14 Easter Pick-up Lines to Find Eggs With
hide this ad
You Might Also Like...
Tags
Album Quiz
Song Quiz
buffett
Jimmy
Jimmy Buffett
Today's Top Quizzes in Music
Browse Music
hide this ad
Today's Top Quizzes in Album
Browse Album
Top Contributed Quizzes in Music
1
5X2 Blitz: Bands II
2
5X2 Blitz: The Beatles
3
Taylor Swift All Songs (2024)
4
5X2 Blitz: Billboard
5
Taylor Swift Logic Puzzle II
6
5X2 Blitz: Billboard II
7
Taylor Swift Logic Puzzle
8
5X2 Blitz: Rock
9
5X2 Blitz: Singers
10
5X2 Blitz: Album
Explore More
Trending Topics
NBA
Crossword
Marvel
Kpop
Disney
Harry Potter
Anime
WWE
Country
Puzzle
Song
NFL
Soccer
Pokémon
The Office
hide this ad
More By:
lord_george
Quiz
Plays
Rating
Category
Featured
Created
Jimmy Buffett Songs 1986-1998
351
Music
Apr 29, 2011
Jimmy Buffett Songs 1969-1985
322
3.00
Music
Apr 29, 2011
Jimmy Buffett Songs 1999-2003
311
4.00
Music
Apr 30, 2011
Go to Creator's Profile
Score Distribution
Quiz Creator Spotlight
lord_george
Follow
Send a Message
Quizzes Created
-
Created Quiz Play Count
-
More By This Creator
Popular Quizzes Today
1
Colored Red Africa Blitz
2
Find the 'City' Movie
3
Find the US States - No Outlines Minefield
4
5x2 Blitz: Bands
5
The Countries of the World
6
Find the US States
7
Find the Countries of Europe - No Outlines Minefield
8
US States
More Music Quizzes
2020/2021 Rap Lyrics
Quiz Lab
Trending Quizzes
Colored Red Europe Blitz I
Colored Red Europe Blitz II
Colored Red Africa Blitz II
Colored Red Europe Blitz III
Colored Red Africa Blitz III
Recently Updated
How Do You Spell That?
pecheneg
Godzilla Movies
pecheneg
Grab Bag: 4-10 Letters
pecheneg
2024 March Madness Bracket
pecheneg
Famous TV Couples
Peacemaker
Champions League XIs: Real Madrid
pecheneg
Largest US Cities 1790-2010
pecheneg
Rides in Walt Disney World
pecheneg
Most Oscar Losses (Acting)
pecheneg
Beyoncé Albums
pecheneg
Trending Topics
Marvel
Harry Potter
Anime
NBA
Kpop
Disney
Crossword
Soccer
Puzzle
NFL
Song
Country
Pokémon
The Office
WWE
Your Account Isn't Verified!
In order to create a playlist on Sporcle, you need to verify the email address you used during registration. Go to your
Sporcle Settings
to finish the process.
Report this User
Report this user for behavior that violates our
Community Guidelines
.
Details:
Send Report
Go to the Sporcle.com Mobile Site →
Comments